[Event "South Wales op 18th"]
[Site "Bridgend"]
[Date "2023.07.11"]
[Round "7"]
[White "Harris, Calum"]
[Black "Roberts, David Llewelyn"]
[Result "1-0"]
[WhiteElo "1805"]
[BlackElo "1995"]
[PlyCount "89"]
[EventDate "2023.07.07"]
[EventType "swiss"]
[EventRounds "9"]
[EventCountry "WLS"]
[SourceTitle "CBM 215 Extra"]
[Source "ChessBase"]
[SourceDate "2023.09.30"]
[SourceVersion "1"]
[SourceVersionDate "2023.09.30"]
[SourceQuality "1"]

1. e4 e5 2. Nf3 Nc6 3. d4 exd4 4. Nxd4 Bc5 5. Be3 Qf6 6. c3 Nge7 7. Bc4 0-0 8. 0-0 Bb6 9. Na3 a6 10. f4 d6 11. Nac2 Nxd4 12. cxd4 d5 13. e5 Qg6 14. Be2 Bf5 15. Rc1 Be4 16. Bf3 f5 17. Nb4 Rad8 18. Nd3 Bxd3 19. Qxd3 Qe8 20. Bf2 Ng6 21. Qd2 Qa4 22. b3 Qd7 23. Bh5 Nh8 24. Bh4 Rc8 25. Rfe1 Qe6 26. Bf3 Ng6 27. Bf2 Rfd8 28. a4 a5 29. h3 Nf8 30. g4 g6 31. Kh2 Rd7 32. Bh4 c6 33. Rg1 Kf7 34. gxf5 gxf5 35. Bf6 Ng6 36. Rg5 Bd8 37. Qc2 Ke8 38. Rxf5 Rf7 39. Bg4 Rcc7 40. Rg5 Rxf6 41. Bxe6 Rxe6 42. Rg4 Nh4 43. Rg8+ Kd7 44. Qxh7+ Be7 45. f5 1-0

[Event "South Wales op 18th"]
[Site "Bridgend"]
[Date "2023.07.07"]
[Round "2"]
[White "Harris, Calum"]
[Black "Blackburn, Jonathan LB"]
[Result "0-1"]
[WhiteElo "1805"]
[BlackElo "2190"]
[PlyCount "56"]
[EventDate "2023.07.07"]
[EventType "swiss"]
[EventRounds "9"]
[EventCountry "WLS"]
[SourceTitle "CBM 215 Extra"]
[Source "ChessBase"]
[SourceDate "2023.09.30"]
[SourceVersion "1"]
[SourceVersionDate "2023.09.30"]
[SourceQuality "1"]

1. e4 e6 2. d4 d5 3. Nd2 c5 4. c3 cxd4 5. cxd4 dxe4 6. Nxe4 Bb4+ 7. Nc3 Nf6 8. Bb5+ Bd7 9. Qd3 0-0 10. Nf3 a6 11. Bxd7 Nbxd7 12. 0-0 Rc8 13. Bg5 h6 14. Bh4 Qb6 15. Bxf6 Nxf6 16. Ne4 Be7 17. Ne5 Rfd8 18. Rfd1 Qxb2 19. Rab1 Qc2 20. Qxc2 Rxc2 21. Rxb7 Rxd4 22. Rdb1 Rxe4 23. Rxe7 Rxe5 24. h4 Ree2 25. Rb8+ Kh7 26. Rxf7 Rxf2 27. Rbb7 Rxg2+ 28. Kf1 Ne4 0-1

[Event "Cardiff Welsh op"]
[Site "Cardiff"]
[Date "2023.04.10"]
[Round "6"]
[White "Morgans, Justin"]
[Black "Harris, Calum"]
[Result "0-1"]
[WhiteElo "1636"]
[BlackElo "1828"]
[PlyCount "74"]
[EventDate "2023.04.07"]
[EventType "swiss"]
[EventRounds "7"]
[EventCountry "WLS"]
[SourceTitle "EXT 2024"]
[Source "ChessBase"]
[SourceDate "2023.10.10"]
[SourceVersion "1"]
[SourceVersionDate "2023.10.10"]
[SourceQuality "1"]

1. e4 c5 2. Nf3 d6 3. c3 Nf6 4. Qc2 Nc6 5. Bb5 Bd7 6. 0-0 a6 7. Be2 Rc8 8. d3 g6 9. Be3 Ng4 10. Nbd2 Nxe3 11. fxe3 Bh6 12. Kh1 Bxe3 13. Rae1 0-0 14. Bd1 Bh6 15. Qb1 e5 16. Nc4 Be6 17. Ne3 Ne7 18. c4 f5 19. Nd5 Nxd5 20. exd5 Bd7 21. Bc2 b5 22. b3 b4 23. Qd1 g5 24. h3 g4 25. Nh2 Qh4 26. hxg4 fxg4 27. Kg1 Bf4 28. Rxf4 Rxf4 29. Re4 Rcf8 30. Rxf4 Rxf4 31. Qe2 Rf6 32. Bd1 Kh8 33. Qe3 Rh6 34. Nf1 Qh1+ 35. Kf2 Rf6+ 36. Bf3 gxf3 37. Qg5 Qxg2+ 0-1

[Event "Cardiff Welsh op"]
[Site "Cardiff"]
[Date "2023.04.08"]
[Round "3"]
[White "Harris, Calum"]
[Black "Wu, Yuxuan1111"]
[Result "1/2-1/2"]
[WhiteElo "1828"]
[BlackElo "1577"]
[PlyCount "100"]
[EventDate "2023.04.07"]
[EventType "swiss"]
[EventRounds "7"]
[EventCountry "WLS"]
[SourceTitle "EXT 2024"]
[Source "ChessBase"]
[SourceDate "2023.10.10"]
[SourceVersion "1"]
[SourceVersionDate "2023.10.10"]
[SourceQuality "1"]

1. e4 c5 2. Nf3 e6 3. c3 Nf6 4. e5 Nd5 5. Bc4 Nc6 6. 0-0 d6 7. d4 dxe5 8. dxe5 Be7 9. Nbd2 Nb6 10. Bb3 Qc7 11. Re1 0-0 12. Nf1 Nd7 13. Bf4 Rd8 14. Qe2 Nf8 15. h4 b6 16. g4 Bb7 17. Bc2 Na5 18. g5 b5 19. N1h2 Nc4 20. h5 Nb6 21. g6 hxg6 22. hxg6 Nxg6 23. Bxg6 fxg6 24. Ng5 Bxg5 25. Bxg5 Qc6 26. f3 Rf8 27. Rad1 Nd5 28. Qe4 Rf5 29. Bc1 Raf8 30. c4 bxc4 31. Qxc4 Nb6 32. Qg4 Qe8 33. Rd6 Bd5 34. b3 Nc8 35. Ra6 Qb5 36. Ra4 Qe8 37. Ba3 Bxf3 38. Nxf3 Rxf3 39. Bxc5 R8f5 40. Ree4 Qb5 41. Rec4 Rf1+ 42. Kg2 Nb6 43. Rab4 Qd7 44. Qd4 Qb7+ 45. Qe4 Qf7 46. Bxb6 Rg5+ 47. Kh2 Rf2+ 48. Kh1 Rh5+ 49. Kg1 Rg5+ 50. Kh1 Rh5+ 1/2-1/2

[Event "Wales-chT 1920"]
[Site "Wales"]
[Date "2019.10.20"]
[Round "1.6"]
[White "Saunders, Walter NR"]
[Black "Harris, Calum"]
[Result "1-0"]
[WhiteElo "1989"]
[BlackElo "1808"]
[PlyCount "105"]
[EventDate "2019.10.20"]
[EventType "team-tourn"]
[EventRounds "7"]
[EventCountry "WLS"]
[SourceTitle "EXT 2022"]
[Source "ChessBase"]
[SourceDate "2021.10.06"]
[SourceVersion "1"]
[SourceVersionDate "2021.10.06"]
[SourceQuality "1"]
[WhiteTeam "Abergavenny"]
[BlackTeam "The Full Ponty"]
[WhiteTeamCountry "WLS"]
[BlackTeamCountry "WLS"]

1. Nf3 c5 2. c4 g6 3. g3 Bg7 4. Bg2 e6 5. 0-0 Nc6 6. e4 Nge7 7. Nc3 0-0 8. Ne1 Nd4 9. d3 b6 10. Nc2 Nec6 11. Ne3 Bb7 12. f4 f5 13. exf5 gxf5 14. Bd2 Qc7 15. Rf2 Nb4 16. Be1 Bxg2 17. Nxg2 a6 18. a3 Nbc6 19. Rb1 Ne7 20. Ne3 Ndc6 21. b4 Bd4 22. Qf3 Qd6 23. Ne2 cxb4 24. axb4 a5 25. Nxd4 Nxd4 26. Qd1 a4 27. Bc3 b5 28. c5 Qc7 29. Bxd4 Nc6 30. Bc3 h6 31. d4 Ne7 32. d5 Ng6 33. d6 Qb7 34. Qd4 Rf7 35. Ng2 Kh7 36. Ne1 Rg8 37. Nf3 Rfg7 38. Qd2 Qe4 39. Re1 Qc4 40. Bxg7 Rxg7 41. Ne5 Nxe5 42. Rxe5 h5 43. Qe2 Qxb4 44. Qxh5+ Kg8 45. Qd1 Qc4 46. Qc2 Qd4 47. c6 dxc6 48. Qxc6 Qd3 49. Rxe6 Rf7 50. Re7 Qb1+ 51. Kg2 Rxe7 52. dxe7 Qe4+ 53. Qxe4 1-0

[Event "South Wales op 16th"]
[Site "Cardiff"]
[Date "2019.07.11"]
[Round "8.19"]
[White "Waddington, Mike P"]
[Black "Harris, Calum"]
[Result "0-1"]
[WhiteElo "2014"]
[BlackElo "1764"]
[PlyCount "90"]
[EventDate "2019.07.07"]
[EventType "swiss"]
[EventRounds "9"]
[EventCountry "WLS"]
[SourceTitle "EXT 2020"]
[Source "ChessBase"]
[SourceDate "2019.10.17"]
[SourceVersion "1"]
[SourceVersionDate "2019.10.17"]
[SourceQuality "1"]

1. c4 g6 2. Nc3 Nf6 3. g3 Bg7 4. Bg2 0-0 5. Rb1 a5 6. a3 c6 7. e4 d6 8. Nge2 Nbd7 9. 0-0 Rb8 10. d4 e5 11. d5 Nb6 12. b3 Ne8 13. f4 f5 14. Bb2 Bd7 15. a4 c5 16. Qd2 Na8 17. Rbe1 Qb6 18. Nb5 Nac7 19. Kh1 Nxb5 20. axb5 fxe4 21. fxe5 Rxf1+ 22. Rxf1 dxe5 23. Bc3 Ra8 24. Ra1 a4 25. Bxe4 Nd6 26. Bg2 Qd8 27. Rxa4 Rxa4 28. bxa4 Nxc4 29. Qa2 Nd6 30. Bd2 b6 31. Nc3 Bf5 32. Be3 Bd3 33. a5 e4 34. Na4 Bc4 35. Qd2 Qf6 36. Nxb6 Bxb5 37. Bxc5 Qa1+ 38. Bg1 Bc3 39. Qf2 Nf5 40. Bxe4 Bd4 41. Qg2 Bf1 42. Qc2 Bd3 43. Qc8+ Kg7 44. Qc7+ Kh6 45. Qf4+ g5 0-1

[Event "South Wales op 16th"]
[Site "Cardiff"]
[Date "2019.07.07"]
[Round "2"]
[White "Chung, Ethan Cheung Jing"]
[Black "Harris, Calum"]
[Result "0-1"]
[WhiteElo "1572"]
[BlackElo "1764"]
[PlyCount "86"]
[EventDate "2019.07.07"]
[EventType "swiss"]
[EventRounds "9"]
[EventCountry "WLS"]
[SourceTitle "CBM 191 Extra"]
[Source "ChessBase"]
[SourceDate "2019.09.30"]
[SourceVersion "1"]
[SourceVersionDate "2019.09.30"]
[SourceQuality "1"]

1. e4 c5 2. d4 cxd4 3. c3 Nf6 4. e5 Nd5 5. cxd4 Nc6 6. Nf3 d6 7. exd6 Qxd6 8. Nc3 Nxc3 9. bxc3 g6 10. Bc4 Bg7 11. 0-0 0-0 12. Re1 e5 13. a4 Qc7 14. Bd5 Bg4 15. Bb2 Rad8 16. Bxc6 bxc6 17. Re4 Bxf3 18. Qxf3 f5 19. Re2 exd4 20. cxd4 Bxd4 21. Bxd4 Rxd4 22. Rc2 Rfd8 23. g3 c5 24. Rac1 c4 25. Qe2 Re4 26. Qf1 Rc8 27. f3 Qc5+ 28. Kg2 Rd4 29. Qe2 Qd5 30. Rb1 Rd8 31. Rbb2 Rd3 32. Rb5 Qc6 33. Re5 c3 34. Kh3 Rd2 35. Rxd2 cxd2 36. Qd1 Kg7 37. f4 Kf6 38. Qa1 Kf7 39. Qd1 Rd7 40. Qb3+ Kg7 41. Re8 d1Q 42. Qg8+ Kh6 43. Qf8+ Rg7 0-1

[Event "BCF-chT4S 1819 (4NCL)"]
[Site "England"]
[Date "2018.11.17"]
[Round "1.26"]
[White "Harris, Calum"]
[Black "Kilcline, Declan A"]
[Result "1-0"]
[WhiteElo "1747"]
[BlackElo "1406"]
[PlyCount "52"]
[EventDate "2018.11.17"]
[EventType "team-swiss"]
[EventRounds "11"]
[EventCountry "ENG"]
[SourceTitle "EXT 2021"]
[Source "ChessBase"]
[SourceDate "2020.10.23"]
[SourceVersion "1"]
[SourceVersionDate "2020.10.23"]
[SourceQuality "1"]
[WhiteTeam "West is Best III"]
[BlackTeam "Rook & Roll"]
[WhiteTeamCountry "ENG"]
[BlackTeamCountry "ENG"]

1. e4 e6 2. d4 d5 3. Nd2 Nc6 4. Ngf3 Nf6 5. e5 Nd7 6. c3 f6 7. exf6 Qxf6 8. Nb3 h6 9. Be2 Bd6 10. g3 0-0 11. 0-0 Nb6 12. Nh4 e5 13. f4 exd4 14. cxd4 Bh3 15. Rf2 g5 16. Bg4 Bxg4 17. Qxg4 Rae8 18. Ng2 Nc4 19. h4 Nxd4 20. hxg5 hxg5 21. Nxd4 Bc5 22. Nf3 Re2 23. Nxg5 Bxf2+ 24. Kf1 Rfe8 25. Ne6+ Kh7 26. Qh5+ Qh6 1-0

[Event "South Wales op 15th"]
[Site "Cardiff"]
[Date "2018.07.12"]
[Round "9"]
[White "Farrington, Edward"]
[Black "Harris, Calum"]
[Result "1-0"]
[WhiteElo "2010"]
[BlackElo "1743"]
[PlyCount "73"]
[EventDate "2018.07.07"]
[EventType "swiss"]
[EventRounds "9"]
[EventCountry "WLS"]
[SourceTitle "EXT 2019"]
[Source "ChessBase"]
[SourceDate "2018.10.10"]
[SourceVersion "1"]
[SourceVersionDate "2018.10.10"]
[SourceQuality "1"]

1. b4 Nf6 2. Bb2 b6 3. e3 Bb7 4. f4 g6 5. Nf3 Bg7 6. Be2 0-0 7. 0-0 d6 8. Qe1 e6 9. c4 Nfd7 10. Bxg7 Kxg7 11. Nc3 h6 12. Qg3 Nc6 13. a3 a5 14. b5 Ne7 15. Qh3 Bxf3 16. Bxf3 Rb8 17. g4 f5 18. d4 Rh8 19. e4 Qf8 20. gxf5 gxf5 21. Kh1 e5 22. Rg1+ Kh7 23. dxe5 dxe5 24. exf5 exf4 25. Ne4 Rg8 26. Rxg8 Nxg8 27. Ng5+ Kh8 28. Ne6 Qf6 29. Rg1 Ne7 30. Nxf4 Ne5 31. Be4 Rd8 32. Nh5 Qf7 33. Qc3 N7c6 34. bxc6 Re8 35. Nf4 Kh7 36. Ne6 Qf6 37. Rg6 1-0

[Event "South Wales op 15th"]
[Site "Cardiff"]
[Date "2018.07.11"]
[Round "7"]
[White "Harris, Calum"]
[Black "Fowler, Caspian"]
[Result "1-0"]
[WhiteElo "1743"]
[BlackElo "1404"]
[PlyCount "79"]
[EventDate "2018.07.07"]
[EventType "swiss"]
[EventRounds "9"]
[EventCountry "WLS"]
[SourceTitle "EXT 2019"]
[Source "ChessBase"]
[SourceDate "2018.10.10"]
[SourceVersion "1"]
[SourceVersionDate "2018.10.10"]
[SourceQuality "1"]

1. d4 Nf6 2. Nf3 g6 3. Bf4 Bg7 4. Nbd2 0-0 5. e4 c5 6. c3 d5 7. e5 Nfd7 8. h4 Nc6 9. h5 cxd4 10. cxd4 Nb6 11. Nb3 Bf5 12. Qd2 Rc8 13. Nh4 Bd7 14. Bh6 Qe8 15. Bxg7 Kxg7 16. hxg6 fxg6 17. Bd3 Rg8 18. Nxg6 hxg6 19. Qh6+ Kf7 20. Qh7+ Kf8 21. Qh6+ Rg7 22. Rh4 Qf7 23. Rf4 Bf5 24. g4 e6 25. gxf5 gxf5 26. Nc5 Re8 27. 0-0-0 Nb4 28. a3 Nxd3+ 29. Rxd3 Re7 30. Rg3 Qg8 31. Rxg7 Qxg7 32. Nxe6+ Rxe6 33. Qxe6 Qg5 34. Qxf5+ Qxf5 35. Rxf5+ Ke7 36. b3 Nd7 37. Rh5 b6 38. Rh6 a5 39. Rd6 b5 40. Rxd5 1-0

[Event "South Wales op 15th"]
[Site "Cardiff"]
[Date "2018.07.11"]
[Round "8"]
[White "Harris, Calum"]
[Black "Turner, Joseph David"]
[Result "1-0"]
[WhiteElo "1743"]
[BlackElo "1885"]
[PlyCount "75"]
[EventDate "2018.07.07"]
[EventType "swiss"]
[EventRounds "9"]
[EventCountry "WLS"]
[SourceTitle "EXT 2019"]
[Source "ChessBase"]
[SourceDate "2018.10.10"]
[SourceVersion "1"]
[SourceVersionDate "2018.10.10"]
[SourceQuality "1"]

1. e4 e5 2. Nf3 Nc6 3. d4 Bd6 4. d5 Nce7 5. Bd3 Nf6 6. Bd2 c6 7. c4 0-0 8. Bc3 Ng6 9. b4 cxd5 10. cxd5 Qe7 11. a3 Nxd5 12. exd5 e4 13. 0-0 exf3 14. Qxf3 Ne5 15. Qh3 Nxd3 16. Qxd3 Qh4 17. g3 Qh6 18. Nd2 f5 19. Nc4 b5 20. Nxd6 Qxd6 21. Qd4 Qg6 22. a4 bxa4 23. Rfe1 Ba6 24. Re7 Rf7 25. Rae1 Bb5 26. d6 Raf8 27. Rxf7 Rxf7 28. Qd5 h5 29. Qxb5 Kh7 30. Re7 h4 31. Qxd7 Qh5 32. Qc6 Qd1+ 33. Kg2 Qg4 34. h3 Qg6 35. Rxf7 Qxf7 36. d7 hxg3 37. d8Q gxf2 38. Qh4+ 1-0

[Event "South Wales op 15th"]
[Site "Cardiff"]
[Date "2018.07.07"]
[Round "2"]
[White "Harris, Calum"]
[Black "Fathallah, Joe"]
[Result "1-0"]
[WhiteElo "1743"]
[BlackElo "1990"]
[PlyCount "171"]
[EventDate "2018.07.07"]
[EventType "swiss"]
[EventRounds "9"]
[EventCountry "WLS"]
[SourceTitle "EXT 2019"]
[Source "ChessBase"]
[SourceDate "2018.10.10"]
[SourceVersion "1"]
[SourceVersionDate "2018.10.10"]
[SourceQuality "1"]

1. e4 e6 2. d4 d5 3. Nd2 Nc6 4. c3 e5 5. Ngf3 dxe4 6. Nxe4 exd4 7. Nxd4 Nxd4 8. Qxd4 Qxd4 9. cxd4 Bf5 10. f3 0-0-0 11. Be3 Bb4+ 12. Kf2 Ne7 13. a3 Ba5 14. Bc4 Nd5 15. b4 Bb6 16. Rhd1 Bxe4 17. fxe4 Nc3 18. Rd3 Nxe4+ 19. Kf3 Nd6 20. Rc1 Nxc4 21. Rxc4 Rd5 22. a4 a5 23. b5 Rhd8 24. Bf2 R8d7 25. Ke3 Kd8 26. Ke4 f5+ 27. Kf4 h6 28. h4 g6 29. g4 Rf7 30. Bg3 fxg4+ 31. Kxg4 h5+ 32. Kh3 Kd7 33. Be5 Re7 34. Rf3 Bxd4 35. Bxd4 Re4 36. Rd3 c5 37. Be3 Rxd3 38. Rxe4 Rb3 39. Kg3 c4 40. Kf4 c3 41. Rd4+ Ke6 42. Ke4 Ra3 43. Bg5 c2 44. Rc4 Kd6 45. Bh6 Rh3 46. Bg5 Ra3 47. Kd4 b6 48. Rxc2 Rxa4+ 49. Rc4 Ra1 50. Rc6+ Kd7 51. Rxb6 a4 52. Ra6 a3 53. Kc3 a2 54. Kb2 Rb1+ 55. Kxa2 Rxb5 56. Rxg6 Ke8 57. Rh6 Kf7 58. Rxh5 Kg6 59. Rh6+ Kg7 60. Rc6 Kh7 61. Ka3 Rb1 62. Ka4 Rb7 63. Ka5 Rb1 64. Rc5 Rb3 65. Rb5 Rh3 66. Kb4 Rh1 67. Kc4 Kg6 68. Rd5 Kh5 69. Kd4 Kg6 70. Ke5 Re1+ 71. Kd6 Rh1 72. Ke6 Rb1 73. Ke5 Re1+ 74. Kf4 Rf1+ 75. Kg3 Rg1+ 76. Kf2 Rb1 77. Bf4 Rb3 78. h5+ Kh7 79. Rd7+ Kg8 80. h6 Rh3 81. Kg2 Rh5 82. Kg3 Rb5 83. Kg4 Kh8 84. Re7 Kg8 85. Be5 Rb4+ 86. Kg5 1-0

[Event "South Wales op 13th"]
[Site "Cardiff"]
[Date "2016.07.11"]
[Round "8"]
[White "Wilson, Matthew R"]
[Black "Harris, Calum"]
[Result "1-0"]
[WhiteElo "1772"]
[BlackElo "1675"]
[PlyCount "111"]
[EventDate "2016.07.07"]
[EventType "swiss"]
[EventRounds "10"]
[EventCountry "WLS"]
[SourceTitle "EXT 2017"]
[Source "ChessBase"]
[SourceDate "2016.10.25"]
[SourceVersion "1"]
[SourceVersionDate "2016.10.25"]
[SourceQuality "1"]

1. e4 c5 2. Nc3 e6 3. f4 d5 4. Nf3 d4 5. Nb1 Nf6 6. Bb5+ Bd7 7. Bxd7+ Nbxd7 8. d3 Be7 9. 0-0 Qc7 10. a4 0-0 11. Na3 a6 12. Bd2 Rfb8 13. a5 b5 14. axb6 Nxb6 15. b3 Nfd7 16. Qe2 f6 17. Qf2 Rf8 18. Rfb1 e5 19. f5 Nb8 20. g4 Nc6 21. Kh1 Kf7 22. Qh4 Rh8 23. Qh5+ g6 24. Qh6 g5 25. Qh5+ Kg7 26. Kg2 Qc8 27. Qh3 Qe8 28. Qg3 h5 29. h4 hxg4 30. Qxg4 Qh5 31. Qxh5 Rxh5 32. hxg5 fxg5 33. Rh1 Rah8 34. Rxh5 Rxh5 35. Nc4 Nxc4 36. bxc4 g4 37. Ng1 Nb8 38. Rb1 Rh8 39. Rb7 Kf6 40. Rb6+ Kf7 41. Re6 Bf6 42. Ba5 Rc8 43. Rb6 Nc6 44. Rb7+ Be7 45. Bd2 a5 46. Bg5 Rb8 47. Rc7 Rb2 48. f6 Rxc2+ 49. Kg3 a4 50. fxe7 Nxe7 51. Bxe7 Rc3 52. Bxc5+ Ke6 53. Kxg4 Rxd3 54. Nf3 Re3 55. Kg5 Rxf3 56. Re7# 1-0

[Event "South Wales Summer op"]
[Site "Newport"]
[Date "2015.08.29"]
[Round "3"]
[White "Harris, Calum"]
[Black "Buttell, David"]
[Result "0-1"]
[WhiteElo "1619"]
[BlackElo "1786"]
[PlyCount "62"]
[EventDate "2015.08.28"]
[EventType "swiss"]
[EventRounds "6"]
[EventCountry "WLS"]
[SourceTitle "EXT 2018"]
[Source "ChessBase"]
[SourceDate "2017.10.13"]
[SourceVersion "1"]
[SourceVersionDate "2017.10.13"]
[SourceQuality "1"]

1. e4 c5 2. Nf3 d6 3. d4 cxd4 4. Nxd4 Nf6 5. Nc3 g6 6. Be3 Bg7 7. f3 Nc6 8. Qd2 0-0 9. 0-0-0 d5 10. Nxc6 bxc6 11. exd5 Nxd5 12. Nxd5 cxd5 13. Bd4 e5 14. Bc5 Be6 15. Bxf8 Qxf8 16. Qa5 Rb8 17. Rd3 d4 18. g4 e4 19. fxe4 Bxg4 20. Rg1 Be6 21. b3 Qd6 22. Qxa7 Qf4+ 23. Kb1 Rc8 24. Qa6 Qf2 25. Bh3 Qxg1+ 26. Kb2 Bxh3 27. Rxh3 d3+ 28. Ka3 Qc5+ 29. Ka4 dxc2 30. Rh5 Qd4+ 31. b4 c1Q 0-1

[Event "South Wales Summer op"]
[Site "Newport"]
[Date "2015.08.28"]
[Round "1"]
[White "Turner, Joseph David"]
[Black "Harris, Calum"]
[Result "1-0"]
[WhiteElo "1936"]
[BlackElo "1619"]
[PlyCount "143"]
[EventDate "2015.08.28"]
[EventType "swiss"]
[EventRounds "6"]
[EventCountry "WLS"]
[SourceTitle "EXT 2018"]
[Source "ChessBase"]
[SourceDate "2017.10.13"]
[SourceVersion "1"]
[SourceVersionDate "2017.10.13"]
[SourceQuality "1"]

1. e4 e6 2. d4 d5 3. Nd2 Nf6 4. e5 Nfd7 5. Bd3 c5 6. c3 Nc6 7. Ne2 f6 8. Nf4 Ndxe5 9. dxe5 Nxe5 10. Bb5+ Bd7 11. Qe2 Bxb5 12. Qxb5+ Qd7 13. Nxe6 Qxb5 14. Nc7+ Kd7 15. Nxb5 Nd3+ 16. Kf1 a6 17. Na3 c4 18. Nc2 Bc5 19. Nd4 g5 20. N2f3 Rae8 21. Be3 b5 22. b4 Bb6 23. h3 h5 24. Ne1 Ne5 25. a4 g4 26. axb5 axb5 27. Nxb5 Bxe3 28. fxe3 gxh3 29. Rxh3 Ng4 30. Ra7+ Kc6 31. Nd4+ Kb6 32. Rf7 Nxe3+ 33. Kg1 Ng4 34. Nec2 Re4 35. Rf3 Ra8 36. R3xf6+ Nxf6 37. Rxf6+ Kb7 38. Rf5 Rg8 39. Rxh5 Reg4 40. Ne3 Rg3 41. Ndf5 d4 42. cxd4 Rf3 43. Nxc4 Rf4 44. Rh7+ Ka6 45. Nce3 Rb8 46. Rh6+ Kb5 47. g3 Rg8 48. Rh5 Ka6 49. Kg2 Re4 50. Rh6+ Ka7 51. b5 Rge8 52. b6+ Kb8 53. d5 Rxe3 54. Nxe3 Rxe3 55. Rd6 Kb7 56. Kh3 Re7 57. g4 Rh7+ 58. Kg3 Rg7 59. Kf4 Rf7+ 60. Kg5 Rg7+ 61. Rg6 Rd7 62. Kh6 Rxd5 63. g5 Rd2 64. Rf6 Rh2+ 65. Kg7 Rd2 66. g6 Rd7+ 67. Kg8 Rd8+ 68. Rf8 Rd2 69. g7 Kxb6 70. Rf6+ Kc7 71. Kh7 Rd7 72. Kh8 1-0

[Event "West Wales op 47th"]
[Site "Swansea"]
[Date "2014.11.30"]
[Round "5"]
[White "Harris, Calum"]
[Black "James, Dai"]
[Result "1/2-1/2"]
[WhiteElo "1571"]
[BlackElo "1954"]
[PlyCount "83"]
[EventDate "2014.11.28"]
[EventType "swiss"]
[EventRounds "5"]
[EventCountry "WLS"]
[SourceTitle "EXT 2016"]
[Source "ChessBase"]
[SourceDate "2015.10.08"]
[SourceVersion "1"]
[SourceVersionDate "2015.10.08"]
[SourceQuality "1"]

1. e4 d5 2. exd5 Qxd5 3. Nc3 Qa5 4. Nf3 Bg4 5. Be2 Nf6 6. h3 Bh5 7. 0-0 Nc6 8. a3 0-0-0 9. d3 e5 10. Bg5 Bg6 11. b4 Qb6 12. Na4 Qa6 13. c4 Nd4 14. b5 Nxe2+ 15. Kh1 Qe6 16. Qxe2 Bxd3 17. Qxe5 Bxf1 18. Rxf1 Bxa3 19. Qc3 Qe2 20. Rg1 Bd6 21. Bxf6 gxf6 22. c5 Be5 23. Qb4 Rd1 24. b6 Rxg1+ 25. Nxg1 Qa6 26. bxa7 Qxa7 27. f4 Ba1 28. Qa3 Qa6 29. Qxa1 Rd8 30. Qa2 Qf1 31. Qxf7 Qxf4 32. Qe6+ Kb8 33. Nc3 Qd4 34. Nge2 Qxc5 35. Qxf6 Rf8 36. Qd4 Qg5 37. Qe4 Qd2 38. Qe7 Qe1+ 39. Kh2 Rf1 40. Qe8+ Ka7 41. Qa4+ Kb8 42. Qe8+ 1/2-1/2

[Event "West Wales op 47th"]
[Site "Swansea"]
[Date "2014.11.29"]
[Round "3"]
[White "Sivarajasingam, Venetia"]
[Black "Harris, Calum"]
[Result "0-1"]
[WhiteElo "1364"]
[BlackElo "1571"]
[PlyCount "120"]
[EventDate "2014.11.28"]
[EventType "swiss"]
[EventRounds "5"]
[EventCountry "WLS"]
[SourceTitle "EXT 2016"]
[Source "ChessBase"]
[SourceDate "2015.10.08"]
[SourceVersion "1"]
[SourceVersionDate "2015.10.08"]
[SourceQuality "1"]

1. e4 c5 2. Nf3 d6 3. Bb5+ Bd7 4. Bxd7+ Qxd7 5. c4 Nf6 6. Nc3 g6 7. 0-0 Bg7 8. d4 cxd4 9. Nxd4 0-0 10. f3 Nc6 11. Be3 Rfc8 12. b3 a6 13. Qd2 Qc7 14. Na4 Nd7 15. Rad1 Rab8 16. Nc3 b5 17. Nd5 Qd8 18. cxb5 Nxd4 19. Bxd4 Bxd4+ 20. Qxd4 Rxb5 21. Ne3 Rbc5 22. Ng4 f6 23. Rfe1 Qb6 24. Kh1 Rc2 25. Qd5+ Kg7 26. Qe6 Qd8 27. Ne3 Rxa2 28. Nd5 Rcc2 29. Rg1 Rd2 30. Qh3 Ne5 31. f4 Nd3 32. Rxd2 Rxd2 33. Qg3 Nf2+ 34. Qxf2 Rxf2 35. Rc1 e6 36. Nc7 Rf1+ 37. Rxf1 Qxc7 38. h3 Qc2 39. Ra1 Qxe4 40. Rxa6 Qb1+ 41. Kh2 Qxb3 42. Rxd6 Qe3 43. Rd7+ Kh6 44. Kh1 Qc1+ 45. Kh2 Qxf4+ 46. Kh1 e5 47. Rd1 e4 48. Rd4 Qf1+ 49. Kh2 e3 50. Rh4+ Kg7 51. Re4 e2 52. Re7+ Kh6 53. Rxe2 Qxe2 54. h4 f5 55. Kh3 Qg4+ 56. Kh2 Qxh4+ 57. Kg1 Kg5 58. Kf1 Kg4 59. Kg1 Kg3 60. Kf1 Qe4 0-1

[Event "South Wales Autumn op"]
[Site "Wales"]
[Date "2014.10.12"]
[Round "5"]
[White "Harris, Calum"]
[Black "Bevan, Peter M"]
[Result "1-0"]
[WhiteElo "1543"]
[BlackElo "2089"]
[PlyCount "53"]
[EventDate "2014.10.10"]
[EventType "swiss"]
[EventRounds "5"]
[EventCountry "WLS"]
[SourceTitle "EXT 2016"]
[Source "ChessBase"]
[SourceDate "2015.10.08"]
[SourceVersion "1"]
[SourceVersionDate "2015.10.08"]
[SourceQuality "1"]

1. e4 c5 2. Nf3 e6 3. d4 cxd4 4. Nxd4 Nc6 5. Nc3 Qc7 6. Ndb5 Qb8 7. g3 a6 8. Nd4 b5 9. Bg2 Bb7 10. 0-0 Nf6 11. Re1 Bc5 12. Nxc6 Bxc6 13. e5 Nd5 14. Bxd5 exd5 15. Nxd5 Qb7 16. Nf4 Bh1 17. Kf1 Bf3 18. Qd3 g5 19. e6 0-0-0 20. exd7+ Kb8 21. Qc3 Bd6 22. Qxh8 Rxh8 23. Re8+ Kc7 24. d8Q+ Kc6 25. Rxh8 gxf4 26. Qc8+ Qxc8 27. Rxc8+ 1-0